| 000 | 00920nam a22002295i 4500 | ||
|---|---|---|---|
| 001 | 165285 | ||
| 003 | ES-MaACL | ||
| 005 | 20250815062611.0 | ||
| 008 | 960320s1899 sp |||| | spa d | ||
| 040 |
_aCLM _bspa _cCCPB | SIC |
||
| 100 | 1 |
_aSeviñé y Miqueláiz, Bonifacio. _9132696 |
|
| 245 | 1 | 0 |
_aHistoria de la civilización de ambos continentes _b: origen y lento progreso de la civilización y compendio histórico del origen y vicisitudes de varias naciones / _cobra escrita por Bonifacio Seviñé y Miqueláiz. |
| 260 |
_aMadrid : _b[s.n.], _c1899 ( _fImprenta de Pedro Núñez) |
||
| 300 |
_a904 p. ; _c24 cm. |
||
| 650 | 7 |
_aHistoria universal _2embne _913429 |
|
| 651 | 4 |
_aAmérica- _xHistoria. _97703 |
|
| 651 |
_aEuropa- _xHistoria. _98599 |
||
| 752 |
_aEspaña - _dMadrid |
||
| 852 |
_aES-MaACL _jB-1006 _z-- Enc. hol. |
||
| 852 |
_aES-MaACL _jC-3188 _z-- Enc. pasta española |
||
| 999 |
_c165285 _d165285 |
||